Normal view
MARC view
Entry Personal Name
001 - CONTROL NUMBER
- control field: 66124
003 - CONTROL NUMBER IDENTIFIER
- control field: dpl
005 - DATE AND TIME OF LATEST TRANSACTION
- control field: 20240513153007.0
008 - FIXED-LENGTH DATA ELEMENTS
- fixed length control field: 240513|| aca||aabn | a|a d
040 ## - CATALOGING SOURCE
- Original cataloging agency: dpl
- Transcribing agency: dpl
100 ## - HEADING--PERSONAL NAME
- Personal name: Misra, Lakshmi
670 ## - SOURCE DATA FOUND
- Source citation: Work cat.: (dpl)202836: Misra, Lakshmi, Women's Issues An Indian Perspective/
